1975 1467 1724 1402 1615 1159 1748 1909 1314 1174 1792 1838 1027 1271 1983 1651 1203 1113 1967 1431 1823 1404 1272 1452 1409 1746 1256 1098 1128 1386 1223 1067 1154 1353 1697 1703 1375 1089 1419 1233 1168 1028 1563 1709 1497 1802 1131 1147 1049 1408 1284 1265 1217 1307 1898 1465 1520 1490 1621 1775 1294 1839 1445 1713 1486 1240 1231 1430 1861 1086 1278 1823 1045 1881 1512 1786 1231 1232 1611 1169 1065 1867 1915 1747 1034 1533 1385 1110 1668 1097 1646 1987 1508 1552 1163 1214 1131 1527 1379 BCNSPRNW ULIB Ver.6.0+V

เปลี่ยนเป็นภาษาไทย

Change to English
 แสดงรายละเอียดบรรณานุกรม
  กลับหน้าหลัก

Brief Record : Get Marc (ISO 2709) : E-mail record : QR code < ปิดหน้าต่าง
LEADER : 00000nam 2200000uu 4500
001    13399125390
003     ULIB
008    170523s2559||||th 000 0 tha d
020    ^a9786167741208
060  0 ^aWY 100 ภ413ป 2559 ล.2
100 0  ^aคณาจารย์ภาควิชาการบริหารการพยาบาลและพื้นฐานวิชาชีพ
245 00 ^aปฏิบัติการพยาบาลพื้นฐาน 2 /คณาจารย์ภาควิชาการบริหารการพยาบาลและพื้นฐานวิชาชีพ
250    ^aพิมพ์ครั้งที่ 2
260    ^aกรุงเทพฯ : ภาควิชาการบริหารการพยาบาลและพื้นฐานวิชาชีพ , 2559
300    ^a173 หน้า :ภาพประกอบ ;26 ซม.
650  0 ^aพยาบาลพื้นฐาน
650  0 ^aพยาลวิชาชีพ
945    ^p220^l0^i24298
945    ^p220^l0^i24260
945    ^p220^l0^i24261
945    ^p220^l0^i24262
945    ^p220^l0^i24265
945    ^p220^l0^i24269
945    ^p220^l0^i24270
945    ^p220^l0^i24271
945    ^p220^l0^i24272
945    ^p220^l0^i24273
945    ^p220^l0^i24274
945    ^p220^l0^i24275
945    ^p220^l0^i24276
945    ^p220^l0^i24277
945    ^p220^l0^i24278
945    ^p220^l0^i24279
945    ^p220^l0^i24280
945    ^p220^l0^i24281
945    ^p220^l0^i24282
945    ^p220^l0^i24290
945    ^p220^l0^i24291
945    ^p220^l0^i24292
945    ^p220^l0^i24301
945    ^p220^l0^i24294
945    ^p220^l0^i24295
945    ^p220^l0^i24296
945    ^p220^l0^i24297
945    ^p220^l0^i24299
945    ^p220^l0^i24300
999    ^aกัณชพร
รายการนี้ยังไม่มีแท็ก
คุณยังไม่ได้ล็อกอิน คุณสามารถมีกิจกรรมร่วมกับเว็บไซต์ได้ แต่ต้องล็อกอินก่อน ::
  ล็อกอิน

รายการสื่อสารสนเทศ

ลำดับที่ ประเภท เลขเรียก/บาร์โค้ด สถานที่ สถานะ
1. หนังสือสำรอง
หนังสือสำรอง
WY 100 ภ413ป 2559 ล.2 ฉ.1 
  Barcode: 24260
ห้องสมุดวิทยาเขตนครสวรรค์
►หนังสือทั่วไป:l:General Books
บนชั้น
2. วิทยาศาสตร์การแพทย์ และสุขภาพ
วิทยาศาสตร์การแพทย์ และสุขภาพ
WY 100 ภ413ป 2559 ล.2 ฉ.10 
  Barcode: 24274
ห้องสมุดวิทยาเขตนครสวรรค์
►หนังสือทั่วไป:l:General Books
บนชั้น
3. วิทยาศาสตร์การแพทย์ และสุขภาพ
วิทยาศาสตร์การแพทย์ และสุขภาพ
WY 100 ภ413ป 2559 ล.2 ฉ.11 
  Barcode: 24275
ห้องสมุดวิทยาเขตนครสวรรค์
►หนังสือทั่วไป:l:General Books
บนชั้น
4. วิทยาศาสตร์การแพทย์ และสุขภาพ
วิทยาศาสตร์การแพทย์ และสุขภาพ
WY 100 ภ413ป 2559 ล.2 ฉ.12 
  Barcode: 24276
ห้องสมุดวิทยาเขตนครสวรรค์
►หนังสือทั่วไป:l:General Books
บนชั้น
5. วิทยาศาสตร์การแพทย์ และสุขภาพ
วิทยาศาสตร์การแพทย์ และสุขภาพ
WY 100 ภ413ป 2559 ล.2 ฉ.13 
  Barcode: 24277
ห้องสมุดวิทยาเขตนครสวรรค์
►หนังสือทั่วไป:l:General Books
บนชั้น
6. วิทยาศาสตร์การแพทย์ และสุขภาพ
วิทยาศาสตร์การแพทย์ และสุขภาพ
WY 100 ภ413ป 2559 ล.2 ฉ.14 
  Barcode: 24278
ห้องสมุดวิทยาเขตนครสวรรค์
►หนังสือทั่วไป:l:General Books
บนชั้น
7. วิทยาศาสตร์การแพทย์ และสุขภาพ
วิทยาศาสตร์การแพทย์ และสุขภาพ
WY 100 ภ413ป 2559 ล.2 ฉ.15 
  Barcode: 24279
ห้องสมุดวิทยาเขตนครสวรรค์
►หนังสือทั่วไป:l:General Books
บนชั้น
8. วิทยาศาสตร์การแพทย์ และสุขภาพ
วิทยาศาสตร์การแพทย์ และสุขภาพ
WY 100 ภ413ป 2559 ล.2 ฉ.16 
  Barcode: 24280
ห้องสมุดวิทยาเขตนครสวรรค์
►หนังสือทั่วไป:l:General Books
บนชั้น
9. วิทยาศาสตร์การแพทย์ และสุขภาพ
วิทยาศาสตร์การแพทย์ และสุขภาพ
WY 100 ภ413ป 2559 ล.2 ฉ.17 
  Barcode: 24281
ห้องสมุดวิทยาเขตนครสวรรค์
►หนังสือทั่วไป:l:General Books
บนชั้น
10. วิทยาศาสตร์การแพทย์ และสุขภาพ
วิทยาศาสตร์การแพทย์ และสุขภาพ
WY 100 ภ413ป 2559 ล.2 ฉ.18 
  Barcode: 24282
ห้องสมุดวิทยาเขตนครสวรรค์
►หนังสือทั่วไป:l:General Books
บนชั้น
11. วิทยาศาสตร์การแพทย์ และสุขภาพ
วิทยาศาสตร์การแพทย์ และสุขภาพ
WY 100 ภ413ป 2559 ล.2 ฉ.19 
  Barcode: 24290
ห้องสมุดวิทยาเขตนครสวรรค์
►หนังสือทั่วไป:l:General Books
บนชั้น
12. วิทยาศาสตร์การแพทย์ และสุขภาพ
วิทยาศาสตร์การแพทย์ และสุขภาพ
WY 100 ภ413ป 2559 ล.2 ฉ.2 
  Barcode: 24261
ห้องสมุดวิทยาเขตนครสวรรค์
►หนังสือทั่วไป:l:General Books
บนชั้น
13. วิทยาศาสตร์การแพทย์ และสุขภาพ
วิทยาศาสตร์การแพทย์ และสุขภาพ
WY 100 ภ413ป 2559 ล.2 ฉ.20 
  Barcode: 24291
ห้องสมุดวิทยาเขตนครสวรรค์
►หนังสือทั่วไป:l:General Books
ถูกยืม กำหนดส่งวันที่ 31 สิงหาคม 2568
  จอง
14. วิทยาศาสตร์การแพทย์ และสุขภาพ
วิทยาศาสตร์การแพทย์ และสุขภาพ
WY 100 ภ413ป 2559 ล.2 ฉ.21 
  Barcode: 24292
ห้องสมุดวิทยาเขตนครสวรรค์
►หนังสือทั่วไป:l:General Books
บนชั้น
15. วิทยาศาสตร์การแพทย์ และสุขภาพ
วิทยาศาสตร์การแพทย์ และสุขภาพ
WY 100 ภ413ป 2559 ล.2 ฉ.22 
  Barcode: 24301
ห้องสมุดวิทยาเขตนครสวรรค์
►หนังสือทั่วไป:l:General Books
บนชั้น
16. วิทยาศาสตร์การแพทย์ และสุขภาพ
วิทยาศาสตร์การแพทย์ และสุขภาพ
WY 100 ภ413ป 2559 ล.2 ฉ.23 
  Barcode: 24294
ห้องสมุดวิทยาเขตนครสวรรค์
►หนังสือทั่วไป:l:General Books
บนชั้น
17. วิทยาศาสตร์การแพทย์ และสุขภาพ
วิทยาศาสตร์การแพทย์ และสุขภาพ
WY 100 ภ413ป 2559 ล.2 ฉ.24 
  Barcode: 24295
ห้องสมุดวิทยาเขตนครสวรรค์
►หนังสือทั่วไป:l:General Books
บนชั้น
18. วิทยาศาสตร์การแพทย์ และสุขภาพ
วิทยาศาสตร์การแพทย์ และสุขภาพ
WY 100 ภ413ป 2559 ล.2 ฉ.25 
  Barcode: 24296
ห้องสมุดวิทยาเขตนครสวรรค์
►หนังสือทั่วไป:l:General Books
บนชั้น
19. วิทยาศาสตร์การแพทย์ และสุขภาพ
วิทยาศาสตร์การแพทย์ และสุขภาพ
WY 100 ภ413ป 2559 ล.2 ฉ.26 
  Barcode: 24297
ห้องสมุดวิทยาเขตนครสวรรค์
►หนังสือทั่วไป:l:General Books
บนชั้น
20. วิทยาศาสตร์การแพทย์ และสุขภาพ
วิทยาศาสตร์การแพทย์ และสุขภาพ
WY 100 ภ413ป 2559 ล.2 ฉ.27 
  Barcode: 24298
ห้องสมุดวิทยาเขตนครสวรรค์
►หนังสือทั่วไป:l:General Books
บนชั้น
21. วิทยาศาสตร์การแพทย์ และสุขภาพ
วิทยาศาสตร์การแพทย์ และสุขภาพ
WY 100 ภ413ป 2559 ล.2 ฉ.28 
  Barcode: 24299
ห้องสมุดวิทยาเขตนครสวรรค์
►หนังสือทั่วไป:l:General Books
บนชั้น
22. วิทยาศาสตร์การแพทย์ และสุขภาพ
วิทยาศาสตร์การแพทย์ และสุขภาพ
WY 100 ภ413ป 2559 ล.2 ฉ.29 
  Barcode: 24300
ห้องสมุดวิทยาเขตนครสวรรค์
►หนังสือทั่วไป:l:General Books
บนชั้น
23. วิทยาศาสตร์การแพทย์ และสุขภาพ
วิทยาศาสตร์การแพทย์ และสุขภาพ
WY 100 ภ413ป 2559 ล.2 ฉ.3 
  Barcode: 24262
ห้องสมุดวิทยาเขตนครสวรรค์
►หนังสือทั่วไป:l:General Books
บนชั้น
24. วิทยาศาสตร์การแพทย์ และสุขภาพ
วิทยาศาสตร์การแพทย์ และสุขภาพ
WY 100 ภ413ป 2559 ล.2 ฉ.4 
  Barcode: 24265
ห้องสมุดวิทยาเขตนครสวรรค์
►หนังสือทั่วไป:l:General Books
บนชั้น
25. วิทยาศาสตร์การแพทย์ และสุขภาพ
วิทยาศาสตร์การแพทย์ และสุขภาพ
WY 100 ภ413ป 2559 ล.2 ฉ.5 
  Barcode: 24269
ห้องสมุดวิทยาเขตนครสวรรค์
►หนังสือทั่วไป:l:General Books
บนชั้น
26. วิทยาศาสตร์การแพทย์ และสุขภาพ
วิทยาศาสตร์การแพทย์ และสุขภาพ
WY 100 ภ413ป 2559 ล.2 ฉ.6 
  Barcode: 24270
ห้องสมุดวิทยาเขตนครสวรรค์
►หนังสือทั่วไป:l:General Books
บนชั้น
27. วิทยาศาสตร์การแพทย์ และสุขภาพ
วิทยาศาสตร์การแพทย์ และสุขภาพ
WY 100 ภ413ป 2559 ล.2 ฉ.7 
  Barcode: 24271
ห้องสมุดวิทยาเขตนครสวรรค์
►หนังสือทั่วไป:l:General Books
บนชั้น
28. วิทยาศาสตร์การแพทย์ และสุขภาพ
วิทยาศาสตร์การแพทย์ และสุขภาพ
WY 100 ภ413ป 2559 ล.2 ฉ.8 
  Barcode: 24272
ห้องสมุดวิทยาเขตนครสวรรค์
►หนังสือทั่วไป:l:General Books
บนชั้น
29. วิทยาศาสตร์การแพทย์ และสุขภาพ
วิทยาศาสตร์การแพทย์ และสุขภาพ
WY 100 ภ413ป 2559 ล.2 ฉ.9 
  Barcode: 24273
ห้องสมุดวิทยาเขตนครสวรรค์
►หนังสือทั่วไป:l:General Books
บนชั้น

รายการใกล้เคียง
    ชื่อเรื่อง [ปฏิบัติการพยาบาลพื้นฐาน 2 /คณาจารย์ภาควิชาการบริหารการพยาบาลและพื้นฐานวิชาชีพ]

    ผู้แต่ง [คณาจารย์ภาควิชาการบริหารการพยาบาลและพื้นฐานวิชาชีพ]

    หัวเรื่อง [พยาบาลพื้นฐาน]
    หัวเรื่อง [พยาลวิชาชีพ]

BibComment


ยังไม่เคยถูกคอมเมนท์

คอมเมนท์ทรัพยากรรายการนี้
  คอมเมนท์: ปฏิบัติการพยาบาล..


 Copyright 2026. Bcnsprnw @Library